000 00713nas a2200241 4500
001 BR2015006249
003 BR-BrBNA
005 20231205125910.0
007 ta
008 230509b bl.|||p| |||| 00| 00por d
040 _aBR-BrBNA
_bpor
_cBiblioteca Nacional de Agricultura
041 _a(Pt)
072 _aF70; K10
100 1 _aSouza, A.P. da S.
100 1 _aLisboa, R.C.L.
245 1 _aMusgos (Bryophyta)na Ilha Trambioca, Barcarena, PA, Brasil
650 _aMUSGO
650 _aINVENTARIO
650 _aPARA
773 0 _tActa Botânica Brasílica (Brazil)
_xISSN 0102-3306
_g(Jul-Sep 2005), v. 19(3) p. 487-492
_wBR2015006249
909 _a202311
_bLúcia
_c55
_dLúcia Elande
942 _2AGRIS
_n0
_cANA
999 _c246776
_d246776